000 00283nam a22001337a 4500
008 190225b xxu||||| |||| 00| 0 eng d
020 _a9780201810028
041 _aeng
080 _a531
100 _a43
101 _aFIZ
245 _aScience Insights
_cAddison
942 _2udc
_cBK
999 _c54247
_d54247